| 000 | 00784nam a2200241 i 4500 | ||
|---|---|---|---|
| 001 | 44847 | ||
| 003 | ES-MaACL | ||
| 005 | 20250808010842.0 | ||
| 007 | t| | ||
| 008 | 030324s1971 sp ||||1| spa d | ||
| 100 | 1 |
_aClark, Colin. _939026 |
|
| 245 | 1 | 4 |
_aLas condiciones del progreso económico / _cColin Clark ; versión de Miguel Paredes y José Vergara. |
| 260 |
_a[Madrid] : _bAlianza Editorial, _c[1971] |
||
| 300 |
_a2 v. ; _c20 cm. |
||
| 490 | 1 |
_aAlianza universidad ; _v9-10 |
|
| 650 | 4 |
_aRenta nacional. _9166555 |
|
| 650 | 7 |
_aNivel de vida _2embne _9171975 |
|
| 700 | 1 |
_aParedes Marcos, Miguel, _d1910-1976 _989053 |
|
| 700 | 1 |
_aVergara, José. _9114083 |
|
| 830 | 1 |
_aAlianza universidad ; _v9-10 _9177276 |
|
| 852 |
_aES-MaACL _jC-42436-37 |
||
| 999 |
_c44847 _d44847 |
||